[Event "44th BAN-ch OMICON 2018"]
[Site "Dhaka"]
[Date "2018.12.01"]
[Round "8"]
[White "Md. Jamal Uddin"]
[Black "Saiful Islam, Chowdhury"]
[Result "1-0"]
[WhiteElo "2001"]
[BlackElo "2110"]
[Annotator "NA"]
[PlyCount "137"]
[EventDate "2018.11.24"]
[EventType "swiss"]
[EventCountry "BAN"]
[SourceTitle "playchess.com"]
[Source "ChessBase"]
[SourceQuality "1"]
[TimeControl "40/5400+30:1800+30"]

1. Nf3 {[%emt 0:00:00]} Nf6 {[%emt 0:00:05]} 2. g3 {[%emt 0:00:15]} g6 {[%emt 0:00:16]} 3. Bg2 {[%emt 0:00:21]} Bg7 {[%emt 0:00:06]} 4. c4 {[%emt 0:00:42]} c5 {[%emt 0:01:47]} 5. O-O {[%emt 0:00:57]} O-O {[%emt 0:00:35]} 6. Nc3 {[%emt 0:01:15]} Nc6 {[%emt 0:00:19]} 7. d4 {[%emt 0:01:09]} cxd4 {[%emt 0:01:38]} 8. Nxd4 {[%emt 0:00:28]} Ng4 {[%emt 0:04:10]} 9. e3 {[%emt 0:01:57]} Nge5 {[%emt 0:03:44]} 10. Qe2 {[%emt 0:00:49] A39: Symmetrical English vs ...g6: 4 Bg2 Bg7 5 Nf3 Nf6 6 0-0 0-0 7 d4} (10. b3 d6 11. Bb2 Bg4 12. f3 Bd7 13. Qd2 a6 14. f4 Nxd4 15. exd4 Nc6 16. d5 Na5 17. Kh1 b5 18. cxb5 axb5 19. Ne2 Bxb2 20. Qxb2 b4 {1-0 (36) Meier,G (2663)-Fier,A (2625) Paris 2010}) 10... d6 {[%emt 0:08:44]} 11. h3 {[%emt 0:01:50]} Bd7 {[%emt 0:07:14]} 12. Bd2 $146 {[%emt 0:09:39]} ({Predecessor:} 12. Rd1 Qc8 13. Kh2 Nxd4 14. exd4 Nxc4 15. Qxe7 Re8 16. Qh4 Bc6 17. Ne4 Bxe4 18. Bxe4 {0-1 (29) Helms,S (2027)-Stutz,R (1997) Mecklenburg VP 2005}) 12... Nxd4 {[%emt 0:04:09]} 13. exd4 {[%emt 0:00:12]} Nc6 {[%emt 0:00:09]} 14. Bg5 {[%emt 0:12:12]} Re8 {[%emt 0:08:26]} 15. d5 {[%emt 0:04:53]} Nd4 {[%emt 0:01:31]} 16. Qd3 $1 {[%emt 0:00:26]} h6 {[%emt 0:10:17]} 17. Bxh6 {[%emt 0:04:25]} Bf5 {[%emt 0:04:06]} 18. Qd2 {[%emt 0:00:58]} Bh8 {[%emt 0:04:29]} 19. g4 {[%emt 0:02:53]} Bc8 {[%emt 0:04:18]} 20. Be3 {[%emt 0:01:24]} e5 {[%emt 0:00:47]} 21. dxe6 {[%emt 0:01:07]} Nxe6 {[%emt 0:00:33]} 22. Rad1 {[%emt 0:01:06]} Qa5 {[%emt 0:03:23]} 23. Qxd6 {[%emt 0:04:59]} Bxc3 {[%emt 0:08:31]} 24. bxc3 {[%emt 0:00:38]} Qxc3 {[%emt 0:00:23]} 25. c5 {[%emt 0:00:44]} a5 {[%emt 0:01:06]} 26. c6 {[%emt 0:01:24]} Ra6 {[%emt 0:01:18]} 27. Rc1 $18 {[%emt 0:00:22]} ({Don't take} 27. cxb7 $6 Bxb7 28. Qd7 Bc6 $18) 27... Qb2 {[%emt 0:04:21]} 28. Rb1 {[%emt 0:01:28]} Qxa2 {[%emt 0:03:00]} 29. Bb6 {[%emt 0:07:07]} bxc6 {[%emt 0:02:45]} 30. Bxc6 {[%emt 0:00:10]} Rf8 {[%emt 0:01:35]} 31. f4 {[%emt 0:07:22]} Qc2 {[%emt 0:05:59]} 32. Bb5 {[%emt 0:03:26]} Rxb6 {[%emt 0:02:47]} 33. Qxb6 {[%emt 0:00:14]} Nxf4 {[%emt 0:00:09]} 34. Qc6 {[%emt 0:04:14]} Nxh3+ {[%emt 0:00:30]} 35. Kh1 {[%emt 0:00:01]} Nf2+ {[%emt 0:01:34]} 36. Kg2 {[%emt 0:00:22]} Qxc6+ {[%emt 0:00:20]} 37. Bxc6 {[%emt 0:00:02]} Nxg4 {[%emt 0:00:08]} 38. Rfe1 {[%emt 0:01:06]} Be6 {[%emt 0:00:41]} 39. Ra1 {[%emt 0:00:18]} Rc8 {[%emt 0:00:23]} 40. Be4 {[%emt 0:00:00]} Rc5 {[%emt 0:00:00]} 41. Bxg6 {[%emt 0:01:22]} Rg5 {[%emt 0:03:30]} 42. Be4 {[%emt 0:02:20]} Bb3 {[%emt 0:05:34]} 43. Kf3 {[%emt 0:00:47]} Ne5+ {[%emt 0:05:39]} 44. Kf4 {[%emt 0:00:26]} Rh5 {[%emt 0:01:45]} 45. Bf5 {[%emt 0:02:04]} Nc4 {[%emt 0:02:21]} 46. Kg4 {[%emt 0:01:46]} Rh2 {[%emt 0:01:00]} 47. Bd3 {[%emt 0:04:02]} Nb2 {[%emt 0:02:02]} 48. Bb5 {[%emt 0:14:13]} a4 {[%emt 0:01:25]} 49. Re8+ {[%emt 0:00:29]} Kg7 {[%emt 0:00:21]} 50. Rb8 {[%emt 0:01:12]} Rd2 {[%emt 0:03:16]} 51. Kf4 {[%emt 0:01:02]} Rd4+ {[%emt 0:01:59]} 52. Ke5 {[%emt 0:00:56]} Rd5+ {[%emt 0:01:09]} 53. Ke4 {[%emt 0:00:35]} Nd1 {[%emt 0:01:47]} 54. Be8 {[%emt 0:02:26]} Nc3+ {[%emt 0:01:05]} 55. Kf4 {[%emt 0:00:52]} Nd1 {[%emt 0:00:47]} 56. Rb7 {[%emt 0:00:56]} Rd4+ {[%emt 0:01:28]} 57. Ke5 {[%emt 0:00:20]} Rd5+ {[%emt 0:01:17]} 58. Kf4 {[%emt 0:00:47]} Rd8 {[%emt 0:00:59]} 59. Bd7 {[%emt 0:02:31]} Kf6 {[%emt 0:00:38]} 60. Ke4 {[%emt 0:02:36]} Nc3+ {[%emt 0:01:16]} 61. Kd4 {[%emt 0:25:53]} Ne2+ {[%emt 0:01:45]} 62. Kc5 {[%emt 0:00:00]} Nc3 {[%emt 0:00:27]} 63. Rf1+ {[%emt 0:00:00]} Ke5 {[%emt 0:00:44]} 64. Re1+ {[%emt 0:00:00]} Ne4+ {[%emt 0:00:40]} 65. Kb4 {[%emt 0:00:00]} Bc2 {[%emt 0:00:36]} 66. Bc6 {[%emt 0:00:00]} f5 {[%emt 0:00:48]} 67. Rb5+ {[%emt 0:00:00]} Kd4 {[%emt 0:01:03]} 68. Rxf5 {[%emt 0:00:00]} Nd6 {[%emt 0:01:44]} 69. Rd5# {[%emt 0:00:00] Kxd5 [%clk 0:00:00]} 1-0

[Event "44th BAN-ch OMICON 2018"]
[Site "Dhaka"]
[Date "2018.12.01"]
[Round "8"]
[White "Zia, Tahsin Tajwar"]
[Black "Ahmed, Sk. Nasir"]
[Result "1/2-1/2"]
[WhiteElo "1803"]
[BlackElo "2119"]
[Annotator "NA"]
[PlyCount "86"]
[EventDate "2018.11.24"]
[EventType "swiss"]
[EventCountry "BAN"]
[SourceTitle "playchess.com"]
[Source "ChessBase"]
[SourceQuality "1"]
[TimeControl "40/5400+30:1800+30"]

1. Nf3 {[%emt 0:00:00]} Nf6 {[%emt 0:00:00]} 2. d4 {[%emt 0:00:23]} d5 {[%emt 0:00:03]} 3. Bf4 {[%emt 0:00:07]} e6 {[%emt 0:00:08]} 4. e3 {[%emt 0:00:04]} Bd6 {[%emt 0:00:06]} 5. Bg3 {[%emt 0:00:14]} O-O {[%emt 0:00:25]} 6. Nbd2 {[%emt 0:00:31]} c5 {[%emt 0:00:07] D02: 1 d4 d5 2 Nf3 sidelines, including 2...Nf6 3 g3 and 2...Nf6 3 Bf4} (6... b6 7. c3 Ba6 8. Bxa6 Nxa6 9. Ne5 Nb8 10. f4 c5 11. Bh4 Be7 12. O-O Nfd7 13. Bxe7 Qxe7 14. Rf3 Nxe5 15. fxe5 {1-0 (29) Aronian,L (2767)-Giri,A (2782) chess.com INT 2018}) 7. c3 {[%emt 0:00:04]} b6 {[%emt 0:01:15]} 8. Bd3 {[%emt 0:00:17]} Ba6 {[%emt 0:00:45]} 9. Bxa6 {[%emt 0:00:26]} Nxa6 {[%emt 0:00:03]} 10. Qe2 {[%emt 0:00:48]} Nb8 {[%emt 0:00:11]} 11. e4 {[%emt 0:01:10]} Be7 {[%emt 0:03:47]} 12. e5 $146 {[%emt 0:03:17]} ({Predecessor:} 12. exd5 exd5 13. O-O Nc6 14. Ne5 Rc8 {0-1 (56) Travadon,L (2334)-Blohberger,F (2427) Riga 2018}) 12... Nfd7 {[%emt 0:00:16]} 13. h4 {[%emt 0:00:51]} Nc6 {[%emt 0:00:19]} 14. a3 {[%emt 0:00:20]} a5 {[%emt 0:02:17]} 15. h5 {[%emt 0:05:07]} Rb8 {[%emt 0:05:40]} 16. Nf1 {[%emt 0:02:17]} b5 {[%emt 0:01:16]} 17. Ne3 {[%emt 0:01:22]} b4 {[%emt 0:01:10]} 18. h6 {[%emt 0:17:08] [#]} g6 $1 {[%emt 0:00:24]} 19. O-O {[%emt 0:08:51]} bxc3 {[%emt 0:05:29]} 20. bxc3 {[%emt 0:00:14] [#]} a4 {[%emt 0:03:31]} (20... Rb3 $1 $17 21. Rfc1 a4) 21. Rfd1 {[%emt 0:12:32]} (21. Nxd5 $1 $11 exd5 22. e6) 21... c4 {[%emt 0:14:13]} 22. Nc2 {[%emt 0:11:00]} Rb2 {[%emt 0:03:53]} 23. Bf4 {[%emt 0:09:47]} Na7 $17 {[%emt 0:17:20]} 24. Rdb1 {[%emt 0:10:43]} Qb6 {[%emt 0:08:54]} 25. Nd2 {[%emt 0:03:21]} Rb8 {[%emt 0:02:16]} 26. Nb4 {[%emt 0:00:57]} Rxb1+ {[%emt 0:02:52]} 27. Nxb1 {[%emt 0:00:21]} Nb5 {[%emt 0:01:14]} 28. Bc1 {[%emt 0:02:25]} Ra8 {[%emt 0:00:46]} 29. Qb2 {[%emt 0:00:45]} Nb8 {[%emt 0:01:02]} 30. g4 {[%emt 0:01:05]} Nc6 {[%emt 0:25:18]} 31. Be3 {[%emt 0:01:11]} f6 {[%emt 0:04:31]} 32. exf6 {[%emt 0:04:18]} Bxf6 {[%emt 0:00:14]} 33. Qe2 {[%emt 0:00:01]} Nd8 {[%emt 0:04:29]} 34. g5 {[%emt 0:02:23]} Be7 {[%emt 0:00:48]} 35. Bf4 {[%emt 0:00:49]} Ra7 {[%emt 0:02:26]} 36. Ra2 {[%emt 0:01:18]} Bf8 {[%emt 0:04:22]} 37. Be5 {[%emt 0:02:03]} Rf7 {[%emt 0:01:05]} 38. Bf6 {[%emt 0:00:01]} Qd6 {[%emt 0:02:13]} 39. Be5 {[%emt 0:00:42]} Qd7 {[%emt 0:00:30]} 40. f4 {[%emt 0:00:00]} Rf5 {[%emt 0:00:00]} 41. Nc2 {[%emt 0:02:12]} Rf7 {[%emt 0:13:38]} 42. Ne3 {[%emt 0:03:20]} Nd6 {[%emt 0:03:27]} 43. Nd2 {[%emt 0:07:38]} Nb5 {[%emt 0:07:10]} 1/2-1/2

[Event "44th BAN-ch OMICON 2018"]
[Site "Dhaka"]
[Date "2018.12.02"]
[Round "9"]
[White "Rahman, Ziaur"]
[Black "Zia, Tahsin Tajwar"]
[Result "1/2-1/2"]
[WhiteElo "2468"]
[BlackElo "1803"]
[Annotator "TA"]
[PlyCount "32"]
[EventDate "2018.11.24"]
[EventType "swiss"]
[EventCountry "BAN"]
[SourceTitle "playchess.com"]
[Source "ChessBase"]
[SourceQuality "1"]

{[%evp 16,17,40,33]} 1. Nf3 Nf6 2. g3 g6 3. Bg2 Bg7 4. O-O O-O 5. d4 {[%cal Bd2d4,Bd4d5][%mdl 32]} d6 6. c4 c6 7. Nc3 Bf5 8. Ne1 e5 9. d5 {LiveBook: 48 Games. E62: King's Indian: Fianchetto: 6...c6 and Panno Variation (6...Nc6) without ...a6} {Predecessor:} cxd5 $146 10. cxd5 a5 11. Nc2 Na6 12. Na3 Nc5 13. Bg5 Qb6 14. Nc4 Qa6 15. Nd2 b5 16. e4 Bd7 {½-½ (45) Yuffa,D (2563)-Hasangatin,R (2485) Sochi 2018} 1/2-1/2

[Event "44th BAN-ch OMICON 2018"]
[Site "Dhaka"]
[Date "2018.12.02"]
[Round "9"]
[White "Islam, Kh. Aminul"]
[Black "Abu Sufian, Shakil"]
[Result "1/2-1/2"]
[WhiteElo "2253"]
[BlackElo "2230"]
[Annotator "TA"]
[PlyCount "35"]
[EventDate "2018.11.24"]
[EventType "swiss"]
[EventCountry "BAN"]
[SourceTitle "playchess.com"]
[Source "ChessBase"]
[SourceQuality "1"]

{[%evp 18,19,2,-27]} 1. c4 Nf6 2. Nc3 e5 3. Nf3 Nc6 4. g3 d5 5. cxd5 Nxd5 6. Bg2 Nb6 7. O-O Be7 8. d3 O-O 9. a3 Be6 10. Bd2 {LiveBook: 16 Games} {Predecessor:} Qd7 $146 11. Rc1 Bh3 12. Na4 Rad8 13. Nc5 Bxc5 14. Rxc5 f6 15. Qc2 Bxg2 16. Kxg2 Rfe8 17. Be3 Kh8 18. b4 {1-0 (66) Nakamura,H (2644)-Ganguly,S (2579) ICC INT 2006} 1/2-1/2

[Event "44th BAN-ch OMICON 2018"]
[Site "Dhaka"]
[Date "2018.12.02"]
[Round "9"]
[White "Rahman, Md. Taibur"]
[Black "Md., Sharif Hossain"]
[Result "1-0"]
[WhiteElo "2239"]
[BlackElo "2198"]
[Annotator "TA"]
[PlyCount "77"]
[EventDate "2018.11.24"]
[EventType "swiss"]
[EventCountry "BAN"]
[SourceTitle "playchess.com"]
[Source "ChessBase"]
[SourceQuality "1"]

{[%evp 11,77,88,133,113,158,95,172,132,180,141,174,127,120,96,97,120,118,91,135,136,183,169,181,179,202,197,196,183,383,366,368,354,387,270,962,160,148,164,165,156,162,147,531,531,531,524,825,824,912,728,728,727,719,706,682,702,1176,1173,1121,1122,1086,1086,1084,1080,1072,1055,1457,1457]} 1. d4 d5 {[%cal Bd7d5,Bd5d4][%mdl 32]} 2. c4 e5 3. dxe5 d4 4. Nf3 Nc6 5. a3 Bg4 6. Nbd2 a5 {LiveBook: 4 Games. D08: Albin Counter Gambit} (6... Qe7 7. h3 Bh5 8. g3 O-O-O 9. Bg2 Nxe5 10. Nxe5 Qxe5 11. Nf3 Bxf3 12. Bxf3 d3 13. Bf4 Qd4 14. O-O Nf6 15. e3 Qd7 {½-½ (42) Ding,L (2660)-Lin,C (2446) Beijing 2012}) 7. h3 $1 {[%cal Rh3g4]} Bh5 8. Qb3 ({Better is} 8. Qa4) 8... Qd7 $146 (8... Ra6 $16) ({Predecessor:} 8... Qc8 9. Qb5 a4 10. b4 axb3 11. Nxb3 Bxf3 12. exf3 Bb4+ 13. axb4 {1-0 (13) Plischki,S (2381)-Hrtanek,J (2077) Orlova 2010}) 9. g3 (9. Qxb7 Rb8 $11) 9... Nd8 10. Bg2 a4 11. Qd3 Ne6 12. O-O Ne7 13. b4 axb3 14. Nxb3 {[%cal Rf3d4]} (14. Qxb3 $6 Nc6 $14) 14... Bg6 15. Qd2 {[%cal Rf3d4]} c5 16. Nh4 $1 Qa4 17. Nxg6 ({And not} 17. Bxb7 Ra7 $15) 17... Nxg6 18. Rb1 $1 ({Not} 18. Bxb7 Ra7 $15) 18... Nxe5 19. Bxb7 Nxc4 $2 {[#]} (19... Rb8 {was necessary.} 20. Qa5 Qxa5 21. Nxa5 Bd6) 20. Qc2 $1 $18 Ra7 21. Qe4 {Black must now prevent Bc6+.} Kd7 22. Qd5+ Kc7 $2 {[#]} (22... Nd6) 23. Bf4+ $2 (23. Nxc5 $1 $18 {[%mdl 512]} Bxc5 (23... Nxc5 24. Bf4+) 24. Bf4+ {[%mdl 64] Overworked Piece} Nxf4 25. Qxc5+ Kd7 26. gxf4) 23... Nxf4 $16 24. Qxf7+ ({Don't take} 24. gxf4 $6 Nb6 $14) 24... Qd7 25. Qxf4+ Bd6 26. Qc1 Rxb7 $4 {[%mdl 8192]} (26... Qf7 $16 27. Nxc5 Bxc5) 27. Qxc4 $18 {White is clearly winning.} Qb5 28. Qf7+ Kb8 29. Qd5 Bc7 30. Nxc5 Qxb1 31. Rxb1 Rxb1+ 32. Kg2 Rd8 33. Qc6 Kc8 34. Qa8+ Bb8 35. Qa6+ Kc7 36. Ne6+ {[%mdl 64] Double Attack} Kd7 37. Nxd8 Kxd8 38. Qa5+ Bc7 39. Qd5+ {[%mdl 64] Double Attack. Accuracy: White = 74%, Black = 25%.} 1-0

[Event "44th BAN-ch OMICON 2018"]
[Site "Dhaka"]
[Date "2018.12.02"]
[Round "9"]
[White "Rahman, Syed Mahfuzur"]
[Black "Chatterjee, Debaraj"]
[Result "0-1"]
[WhiteElo "2224"]
[BlackElo "2277"]
[Annotator "TA"]
[PlyCount "132"]
[EventDate "2018.11.24"]
[EventType "swiss"]
[EventCountry "BAN"]
[SourceTitle "playchess.com"]
[Source "ChessBase"]
[SourceQuality "1"]

{[%evp 25,132,4,4,-31,-27,-36,-31,-31,0,0,0,0,0,0,0,-45,-18,-52,-41,-66,-57,-53,-54,-69,-54,-68,-56,-80,-43,-92,-116,-87,-14,-7,0,0,0,0,0,-45,-8,-64,0,0,0,0,0,0,49,0,0,0,0,0,0,0,0,-76,0,0,0,0,0,0,0,-20,0,0,0,0,0,0,0,0,0,0,0,-1502,-1359,-1396,-1375,-29978,-29979,-29969,-816,-1283,-1078,-1818,-4778,-2499,-2489,-29965,0,-245,0,-29968,-29967,-29964,-29954,-5406,-481,-1947,-83,-1084,0,-1212,-455,-29995,-1462]} 1. e4 c5 2. Nf3 d6 3. d4 cxd4 4. Nxd4 Nf6 5. Nc3 a6 6. f3 e5 7. Nb3 Be6 8. Be3 h5 9. Qd2 Nbd7 10. O-O-O Be7 11. Kb1 b5 {B90: Sicilian Najdorf: Unusual White 6th moves, 6 Be3 Ng4 and 6 Be3 e5} 12. Nd5 Bxd5 13. exd5 Nb6 {LiveBook: 32 Games. The position is equal.} 14. Na5 Nbxd5 15. Bg5 Qc7 16. c4 bxc4 17. Bxc4 O-O {[#]} 18. Rc1 $146 ({Predecessor:} 18. h4 Nf4 19. Rc1 {0-1 (42) Morozevich,A (2788)-Gelfand,B (2720) Moscow 2008}) 18... Qd7 $1 19. Rhd1 Rfc8 20. h4 Nb6 21. Bxf6 Nxc4 (21... gxf6 $6 22. Bd3 $14) 22. Nxc4 Qf5+ $1 23. Qd3 Qxf6 24. Nb6 {[%mdl 64] Double Attack} Rxc1+ 25. Rxc1 Rd8 26. Nd5 Qxh4 {...Bg5 is the strong threat.} 27. Qxa6 Bg5 28. Rd1 Qf2 (28... e4 $17 29. Qc4 Qf2) 29. Qf1 $11 Qc5 30. b4 Qa7 31. Qd3 Rb8 32. Re1 g6 33. Kb2 (33. Rd1 $11) 33... Bh4 (33... Bh6 $15 34. Rf1 h4) 34. Rc1 Bf2 35. a3 Bd4+ 36. Ka2 Qa8 {[#]} 37. Rc6 $1 {[%mdl 1536] White has compensation.} Kg7 (37... Qxc6 38. Ne7+) 38. Qc4 Qa4 {aiming for ...Ra8.} 39. Qc2 $1 {[%cal Rc2a4]} Qb5 40. Qc4 Qa4 {Hoping for ...Ra8.} 41. Rc7 (41. Qc2 $1 $11 Qa7 42. Rc7) 41... Rf8 ({Black should play} 41... Qd1 $17 42. Rxf7+ Kh6) 42. Qd3 Ra8 43. Qb3 {next Qxa4 is good for White.} Qe8 44. Qc4 Qe6 ({But not} 44... Qa4 $2 45. Rxf7+ $1 {[%mdl 512]} Kxf7 46. Nb6+ Ke7 47. Qc7+ Ke6 48. Nxa4 $18) 45. Kb3 Qf5 $36 {[%cal Rf5b1][%mdl 2048] Black has some pressure.} 46. Qc2 $1 {[%cal Rc2f5]} Qg5 47. a4 h4 48. a5 h3 49. gxh3 Rh8 50. Qc6 Qf5 51. Qd7 $2 {[%mdl 8192]} (51. Nb6 $11) 51... Qxf3+ 52. Nc3 Rxh3 53. Qc8 Qd1+ 54. Ka3 Qc1+ (54... Rf3 $142 55. Qa8 Bxc3 56. Qxf3 Qxf3 57. Ka4 Qd1+ 58. Kb5 Qd4 59. Rd7 Qxb4+ {[%mdl 64] Double Attack} 60. Kc6 Qc5+ 61. Kb7 Bxa5 62. Kb8 e4 63. Re7 e3 64. Kb7 e2 $1 {[%mdl 512]} 65. Ka8 e1=Q 66. Rxe1 Qc6+ 67. Kb8 Qc7+ 68. Ka8 Bb6 69. Rh1 Qc8#) 55. Kb3 Rh2 56. Ka4 Qa1+ 57. Kb5 Qf1+ 58. Ka4 Qa1+ $2 (58... Bxc3 {mates} 59. Rxc3 Ra2+ 60. Kb3 Ra1 61. Qc6 Qd1+ 62. Rc2 Qb1+ 63. Rb2 Qd3+ 64. Qc3 {[#]} Ra3+ $1 {[%mdl 576] Deflection} 65. Kxa3 Qxc3+ 66. Ka2 e4 67. Rb3 Qc2+ 68. Rb2 Qa4+ 69. Kb1 e3 70. Rh2 Qxb4+ 71. Rb2 Qe4+ 72. Ka2 e2 73. Rb1 f5 74. a6 Qxb1+ $1 {[%mdl 576] Remove Defender, Promotion} 75. Kxb1 e1=Q+ 76. Ka2 Qe2+ 77. Kb3 Qxa6 78. Kc3 f4 79. Kd4 Qb6+ 80. Ke4 Qb3 81. Kxf4 Qd3 82. Kg4 Qe3 83. Kh4 Qf3 84. Kg5 Qg3#) 59. Kb5 $19 Qf1+ $2 (59... d5 $19 60. Ka6 Rh8) 60. Ka4 Bxc3 61. Rxc3 {[%mdl 4096] Endgame KQR-KQR} Ra2+ 62. Kb3 Qb1+ (62... Ra1 $142 63. Qc6 Qd1+ 64. Rc2 Qb1+ 65. Kc3 Ra3+ 66. Kd2 Qxb4+ {[%mdl 64] Double Attack} 67. Qc3 Rxc3 68. Rxc3 e4) 63. Kc4 {If only White now had time for Kb5....} Qe4+ $2 (63... Ra4 $19 64. Qb8 Qf1+ 65. Kd5 Qg2+ 66. Kxd6 Qd2+ {[%mdl 64] Double Attack} 67. Ke7 Qxc3 68. Qf8+ Kh7 69. Qxf7+ Kh6 70. Qf8+ Kh5 71. Qh8+ Kg4) 64. Kb3 $2 {[%mdl 8192]} (64. Kb5 $17) 64... Qb1+ 65. Kc4 Rb2 (65... Ra4 $142 66. Qb8 Qf1+ 67. Kd5 Qg2+ 68. Kc4 Qe2+ 69. Rd3 e4 70. Qxd6 Qxd3+ {[%mdl 64] Overworked Piece} 71. Qxd3 exd3 72. Kxd3 Rxb4) 66. Qb8 (66. Kb5 $19 Rxb4+ 67. Ka6) 66... Qe4+ {Accuracy: White = 49%, Black = 54%.} 0-1

[Event "44th BAN-ch OMICON 2018"]
[Site "Dhaka"]
[Date "2018.12.02"]
[Round "9"]
[White "Mehdi Hasan Parag"]
[Black "Md. Jamal Uddin"]
[Result "1-0"]
[WhiteElo "2218"]
[BlackElo "2001"]
[Annotator "TA"]
[PlyCount "59"]
[EventDate "2018.11.24"]
[EventType "swiss"]
[EventCountry "BAN"]
[SourceTitle "playchess.com"]
[Source "ChessBase"]
[SourceQuality "1"]

{[%evp 25,59,54,66,19,20,9,0,14,10,0,27,27,508,493,1715,1697,1612,1500,29992,29993,29993,1316,1299,1230,1124,970,2758,1404,5133,5129,29995,29994,29994,29995,29995,29996]} 1. e4 c5 2. Nf3 d6 3. d4 cxd4 4. Nxd4 Nf6 5. Nc3 e6 6. Be3 Be7 7. Be2 O-O 8. O-O Nc6 9. f4 a6 10. Qe1 Qc7 11. Qg3 Re8 12. Kh1 Bf8 {B85: Sicilian Scheveningen: 6 Be2 a6, lines with early Be3} 13. Rae1 Bd7 {LiveBook: 6 Games} 14. Bd3 b5 {The position is equal.} 15. a3 b4 $146 {[%cal Rb4c3]} ({Predecessor:} 15... Nxd4 16. Bxd4 Nh5 17. Qh4 g6 18. f5 Bc6 19. Be2 e5 20. Be3 Nf4 21. Bxf4 exf4 22. Qxf4 {1-0 (51) Fedorchuk,S (2673)-Dourerassou,J (2473) Bastia 2014}) 16. axb4 Nxb4 17. e5 Nfd5 18. Be4 g6 $2 {[%mdl 8192] [#]} (18... Rad8 $11 {and Black is okay.}) 19. f5 $1 $18 {[%cal Rf5g6]} Nxe3 (19... Bg7 $142 20. Nxe6 (20. exd6 Qc4 $18) 20... fxe6) 20. fxg6 ({Weaker is} 20. Rxe3 exf5 21. Bxa8 dxe5 $16) 20... fxg6 21. Bxg6 {Bf7+ would kill now.} Bg7 {[#]} 22. Bxh7+ $1 {[%mdl 512]} Kh8 (22... Kxh7 23. Rf7) 23. Rxe3 (23. Rf7 $142 Bh6 24. Bg6 Kg8 25. Bh5+ Ng4 26. Qxg4+ Kh8 27. Qg6 dxe5 28. Qh7#) 23... Rf8 24. Ref3 Rxf3 25. Rxf3 {Intending Qh3 and mate.} Bc6 26. Nxc6 {White threatens Qh4 and mate.} Nxc6 27. Qh3 {White wants to mate with Be4+.} Bxe5 28. Bf5+ {White mates.} Kg8 29. Bxe6+ Kg7 30. Qg4+ {Accuracy: White = 65%, Black = 33%.} 1-0

[Event "44th BAN-ch OMICON 2018"]
[Site "Dhaka"]
[Date "2018.12.02"]
[Round "9"]
[White "Anata, Choudhury"]
[Black "Reefat, Bin-Sattar"]
[Result "0-1"]
[WhiteElo "2141"]
[BlackElo "2437"]
[Annotator "TA"]
[PlyCount "108"]
[EventDate "2018.11.24"]
[EventType "swiss"]
[EventCountry "BAN"]
[SourceTitle "playchess.com"]
[Source "ChessBase"]
[SourceQuality "1"]

{[%evp 26,108,0,0,37,10,41,47,55,20,13,14,12,-34,3,-33,0,0,0,-93,76,44,85,100,61,6,3,0,246,-64,12,20,110,28,39,41,81,90,225,-9,-8,-36,-47,-64,-64,-62,-67,-93,-72,-77,-83,-85,-79,-79,-86,-183,-165,-172,-164,-448,-424,-386,-227,-224,-225,-211,-212,-215,-205,-216,-203,-427,-391,-477,-475,-552,-560,-29971,-29972,-29971,-29971,-29977,-29978,-29974,-29975]} 1. e4 e6 2. d4 d5 3. Nc3 Nf6 4. e5 Nfd7 5. f4 c5 6. Nf3 Nc6 7. Be3 Be7 8. Qd2 a6 9. dxc5 Nxc5 {C11: French: Classical System: 4 e5 and 4 Bg5 dxe4} 10. O-O-O Qa5 11. Kb1 b5 12. Nd4 Nxd4 13. Bxd4 b4 14. Ne2 {LiveBook: 3 Games} Rb8 15. Qe3 $146 ({Predecessor:} 15. Nc1 Qc7 16. g4 a5 17. Bg2 {0-1 (31) Borisovsky,D (2297)-Bluebaum,M (2637) Riga 2018}) 15... Qc7 16. Ng3 g6 17. Bd3 a5 18. Rc1 a4 19. Ne2 Qa5 20. f5 b3 {...bxa2+ is the strong threat.} 21. a3 gxf5 22. g4 (22. Nf4 $11) 22... bxc2+ $2 (22... fxg4 $17 23. Bxc5 Bxc5) 23. Bxc2 $16 Ne4 24. gxf5 $1 Bg5 25. Nf4 ({White should play} 25. Qh3 $1 $14) 25... Qd2 $1 $11 ({Much weaker is} 25... exf5 $6 26. e6 $16) 26. Rhf1 {Threatens to win with fxe6.} Bd7 $2 {[#]} (26... exf5 $11 27. Bxa4+ Bd7 28. Bxd7+ Kxd7) 27. Ka1 $2 (27. fxe6 $1 $18 fxe6 28. Ka1) 27... Qxe3 (27... Bxf4 $15 28. Rxf4 Qxe3 29. Bxe3 exf5) 28. Bxe3 Rg8 (28... Rc8 $1 $11) 29. fxe6 (29. Rg1 $16 {aiming for Bxe4.} Rf8 30. f6) 29... fxe6 30. Rg1 {Black must now prevent h4!} Kf7 31. Rcf1 Bb5 (31... Bxf4 $16 {was necessary.} 32. Rxf4+ Ke7) 32. Rf3 $2 (32. Bxe4 $18 Bxf1 33. Rxf1 dxe4 34. Nh3+ {[%mdl 64] Discovered Attack} Kg6 35. Nxg5) 32... Ke7 33. Bxe4 dxe4 34. Rfg3 {[#]} Bxf4 $1 {[%mdl 512]} 35. Bxf4 Rxg3 36. hxg3 $15 {[%mdl 4096] Endgame KRB-KRB} Kf7 37. Rh1 Kg6 38. Rh6+ Kf5 39. Rxh7 Kg4 40. Rh1 (40. Re7 $17) 40... Bd3 {[%mdl 1024] Black has strong compensation.} 41. Re1 Kf3 42. Rd1 $2 (42. b4) 42... Rb3 $19 43. Re1 Kf2 (43... Bc4 $142 44. Rc1 Bb5) 44. Bd2 Be2 ({Much less strong is} 44... Kxg3 45. Rh1 $17) 45. Rc1 e3 ({But not} 45... Kxg3 46. Rc3+ Bd3 47. Ka2 $17) 46. Be1+ Kf1 47. Ba5+ {[#]} Kg2 $1 48. Be1 $2 (48. Rc2 {is a better defense.} Rb5 49. Bc3) 48... Rd3 49. Kb1 Bf3 50. b4 Rxa3 51. Rc3 Rxc3 {Black mates.} 52. Bxc3 Kxg3 53. Bd4 e2 54. Bc3 Kf2 {Accuracy: White = 28%, Black = 52%.} 0-1